| 000 | 00794cam a2200265Ia 4500 | ||
|---|---|---|---|
| 001 | 40134 | ||
| 005 | 20230410101649.0 | ||
| 008 | 900921s1989 ht a f000 0 fre d | ||
| 035 | _a(OCoLC)ocm22419047 | ||
| 040 |
_aKKU _cKKU _dOCLCQ |
||
| 035 | _a(OCoLC)22419047 | ||
| 043 | _anwht--- | ||
| 050 | 1 | 4 |
_a110 F 1928.2 _bH153 1989 |
| 245 | 0 | 0 |
_aHaiti : _bl'espoir renait. |
| 260 |
_a[Port-au-Prince? : _bProgramme Doléances des populations?, _c1989] |
||
| 300 |
_a127 p. : _bill. (some col.) ; _c28 cm. |
||
| 651 | 0 |
_aHaiti _xPolitics and government _y1986- |
|
| 651 | 0 |
_aHaiti _xEconomic conditions _y1971- |
|
| 651 | 0 |
_aHaiti _xSocial conditions _y1971- |
|
| 650 | 4 | _aCEH | |
| 650 | 4 | _aColección Estudios Haitianos | |
| 740 | 0 | 1 | _aEspoir renait. |
| 942 |
_2lcc _cbk |
||
| 994 |
_aC0 _bDRFGD |
||
| 999 |
_c11810 _d11810 |
||